LEADER 01345nam a2200289 4500 001 000000352211 003 CaOOAMICUS 005 20221118125622.0 008 221111s2021 fr a 000 u fre r 020 $a978-2-8241-1088-2 040 $aSeMil$bita 100 1 $aRovere, Ange,$d<1947- >.$0(OLS)http://semarc/name/116789 245 12$aL'Église de Corse en révolutions :$b(17.-18. siècles) /$cAnge Rovere. 264 1$aAjaccio :$bAlbiana,$c2021. 300 $a331 p., [2] p. tav. :$bc. geogr. ;$c24 cm 490 1 $aBibliotheque d'histoire de la Corse 650 4$aRivoluzione francese <1789-1799> - Corsica.$0(OLS)http://semarc/subject/53188 650 4$aChiesa e società - Corsica - Storia.$0(OLS)http://semarc/subject/1786 650 4$aCorsica - Storia.$0(OLS)http://semarc/subject/44747 830 0$aBibliotheque d'histoire de la Corse.$0(OLS)http://semarc/title/442008 850 $aSeMil 852 $aSeMil$W1$xVenegono$y1$m3U IV 498$j235670$B243391$CSeMilBibl$Z2$F243391 $81 961 $aPerego don Stefano - Omaggio 996 $6020$a978-2-8241-1088-2$9(OLS)http://semarc/number/297134 996 $6245$aL'Église de Corse en révolutions :$b(17.-18. siècles)$9(OLS)http://semarc/title/442007 996 $6264$aAjaccio :$bAlbiana$9(OLS)http://semarc/publisher/60735 LEADER 01241nam a2200289 i 4500 001 000000194576 003 CaOOAMICUS 005 20150224000000.0 008 150224n it u000 u ita u 013 $a173235 040 $aSeMil$bita 100 1 $aTrompeo, Pietro Paolo,$d<1886-1958>.$0(OLS)http://semarc/name/6352 245 10$aDiporti italiani /$cPietro Paolo Trompeo ; con prefazione di Nello Vian. 260 $aRoma :$bPalombi,$cstampa 1984. 300 $aX, 253 p. :$b1 ritr. ;$c21 cm. 490 0 $aQuaderni dell'Accademia dell'Arcadia ;$v7 500 $aFondo card. Giovanni Colombo. 650 4$aLetteratura italiana - Sec. 19.-20.$0(OLS)http://semarc/subject/13603 650 4$aLetteratura italiana - Sec. 16.-19.$0(OLS)http://semarc/subject/5067 700 1 $aVian, Nello,$d<1907-2000>.$0(OLS)http://semarc/name/4389 830 0$aQuaderni dell'Accademia dell'Arcadia ;$v7.$0(OLS)http://semarc/title/19898 850 $aSeMil 852 $aSeMil$W1$xVenegono$y1$m3GC V 158$j145147$B145147$CSeMilBibl$Z2$F156666 $8B 941 1 $a3 961 $aLascito: Colombo Card. Giovanni 996 $6245$aDiporti italiani$9(OLS)http://semarc/title/280577 996 $6260$aRoma :$bPalombi$9(OLS)http://semarc/publisher/38922